| 000 | 01293nab a2200241 i 4500 | ||
|---|---|---|---|
| 001 | 768714001 | ||
| 003 | CO-MdFUSB | ||
| 005 | 20240801083651.0 | ||
| 008 | 240801t1991 -us||||| |||| 00| 0 eng d | ||
| 040 |
_bspa _cCO-MdFUSB _dCO-MdFUSB |
||
| 041 | _aeng | ||
| 100 |
_aCovell, Ralph R., _eautor |
||
| 245 | 1 | 4 |
_aThe christian gospel and world religions : _bhow much have american evangelicals changed? _c/ Ralph R. Covell |
| 520 | _aLa relación entre el evangelio cristiano y las religiones es un tema que con frecuencia genera desconcierto. El objetivo en este artículo es evaluar brevemente el estado actual de algunas ideas evangélicas sobre el cristianismo y otras religiones, relacionándolas con el Diálogo Evangélico-Católico sobre la Misión (1977-1984), y luego mostrar cómo una comprensión más sensible afectaría la evangelización. | ||
| 546 | _aTexto en inglés. | ||
| 650 | 0 |
_aEvangelización _9362 |
|
| 650 | 0 |
_aMisiones _9154 |
|
| 650 | 0 |
_aReligiones universales _91029 |
|
| 650 | 7 |
_aPluralismo religioso _9446 |
|
| 773 | 0 |
_049483 _982858 _oR2722 _tInternational Bulletinof Missionary Research _w(CO-MdFUSB)768714001 _x0272-6122 _gVolumen 15, (número 1, 1991), páginas: 12 - 17 _qpágina: 12 |
|
| 942 | _cANA | ||
| 945 | _aCatherine Arias Álvarez - Practicante SENA | ||
| 999 |
_c70671 _d70671 |
||